000 00771cam a22002771 4500
001 11351
003 BD-RjUL
005 20211208235117.0
008 140126s1963 at o 001 0 eng
035 _a(BD-RjUL)11400
035 _a(OCoLC)896780
040 _aDLC
_cPPi
_dBD-RjUL
_beng
041 _aeng
082 0 4 _bSTS 1963
_219
_a591.987
100 1 _aStead, David G.
_d1877-
_935094
245 1 0 _aSharks and rays of Australian seas /
_cDavid George Stead
260 _aSydney :
_bAngus and Robertson,
_cc1963.
300 _ax, 211 p. :
_bill. ;
_c24 cm.
504 _aIncludes index.
650 0 _aRays (Fishes)
_935095
650 0 _aSharks.
_935096
650 0 _aFishes
_zAustralia.
_935097
942 _2ddc
_cBK
999 _c11351
_d11351